|
|
|
|
| LEADER |
00000nam0a2200000 4500 |
| 001 |
232097 |
| 005 |
20231101231136.0 |
| 035 |
|
|
|a (RuTPU)RU\TPU\book\253128
|
| 035 |
|
|
|a RU\TPU\book\253047
|
| 090 |
|
|
|a 232097
|
| 100 |
|
|
|a 20130208d1955 k y0rusy50 ca
|
| 101 |
0 |
|
|a rus
|
| 102 |
|
|
|a RU
|
| 105 |
|
|
|a a z 001zy
|
| 200 |
1 |
|
|a Труды Восточно-Сибирского филиала
|h Вып. 2
|f Академия наук СССР (АН СССР) ; под ред. И. В. Белова
|
| 210 |
|
|
|a Москва
|c Изд-во АН СССР
|d 1955
|
| 215 |
|
|
|a 87 с.
|c ил.
|
| 225 |
1 |
|
|a Серия геологическая
|
| 317 |
|
|
|5 63413507: КР-1061
|a Поступила в НТБ в 2004 г. в составе книжного собрания профессора ТПИ К. В. Радугина.
|
| 320 |
|
|
|a Библиография в конце статей
|
| 606 |
1 |
|
|a Геология
|2 stltpush
|3 (RuTPU)RU\TPU\subj\6095
|9 34054
|
| 610 |
1 |
|
|a траппы
|
| 610 |
1 |
|
|a петрография
|
| 610 |
1 |
|
|a горелые породы
|
| 610 |
1 |
|
|a Мархи
|
| 610 |
1 |
|
|a Тунгусский бассейн
|
| 610 |
1 |
|
|a библиотека К. В. Радугина
|
| 675 |
|
|
|a 55
|v 3
|
| 702 |
|
1 |
|a Белов
|b И. В.
|4 340
|
| 712 |
0 |
2 |
|a Академия наук СССР (АН СССР)
|2 stltpush
|3 (RuTPU)RU\TPU\col\722
|
| 801 |
|
1 |
|a RU
|b 63413507
|c 20130207
|
| 801 |
|
2 |
|a RU
|b 63413507
|c 20211012
|g RCR
|
| 942 |
|
|
|c BK
|